000 00389cam a22001337a 4500
008 180718b1963 xxu||||| |||| 00| 0 eng d
082 _aA99 J728/C164
100 _aCannon, Garland
245 _aOriental Jones: a biography of Sir william Jones (1746-1794)
_cby Garland Cannon
260 _aBombay
_bAsia
_c1963
300 _a215p.
500 _aRs.31.00
650 _aJones, William, 1746-94
999 _c361964
_d361964